| 000 | 00940cab a2200277 4500 | ||
|---|---|---|---|
| 001 | WB3404-40 | ||
| 008 | 090401t1998 xxu||||| |||| 00| 0 eng d | ||
| 035 | _a(Sirsi) u83361 | ||
| 041 | _aeng | ||
| 245 | _aEstate agents | ||
| 260 | _c1998 | ||
| 350 | _a0 | ||
| 490 |
_aIndependent _v24 January 1998, 2.11(2) |
||
| 520 | _aConsiders attempts by the property industry to deal with standards of competence. A new code of practice was introduced in 1997 and the ombudsmen scheme has just been extended beyond the corporate sector. | ||
| 650 | _aCODE OF PRACTICE | ||
| 650 | _aESTATE AGENTS | ||
| 650 | _aGAZUMPING | ||
| 650 | _aABOUT RICS-RELATED ORGANISATIONS-INCORPORATED SOCIETY OF VALUERS AND AUCTIONEERS | ||
| 650 | _aNAEA | ||
| 650 | _aOMBUDSMAN SCHEME | ||
| 650 | _aRICS | ||
| 650 | _aSTANDARDS OF COMPETENCE | ||
| 690 | _aMANAGEMENT-BUSINESS MANAGEMENT-PROFESSIONAL PRACTICE | ||
| 942 | _n0 | ||
| 948 | _c28/01/1998 | ||
| 999 |
_c52645 _d52645 |
||